000 00737nam a2200241Ia 4500
003 OSt
005 20220924113200.0
006 a|||||r|||| 00| 0
007 ta
008 220923b |||||||| |||| 00| 0 eng d
024 _a228512
037 _cDictionary
040 _aARTS
_cARTS
_beng
041 _2eng
_aeng
082 _aP111:4k, 15591M3 (RR)
100 _aMaffei Angelus Francis Xavier
_9169657
245 0 _aEnglish-Konkani dictionary/Konkani-English dictionary
260 _aNew
_bDelhi Asian educational services
_c1983
300 _axi, 700p
_ccm.
650 _aLINGUISTICS
942 _hP111:4k, 15591M3 (RR)
_cdic
_2cc
999 _c389472
_d389472